00813nas a2200241 4500001001300000003000900013005001700022007000300039008003400042040005400076041000900130072001300139100002200152100001800174100001800192100001800210245015500228650001200383650001800395650001900413650002700432773011200459BR2010004093BR-BrBNA20231205114656.0ta230509b bl.|||p| |||| 00| 00por d aBR-BrBNAbporcBiblioteca Nacional de Agricultura a(Pt) aF40; F021 aMachado, D.F.S.P.1 aMachado, E.C.1 aMachado, R.S.1 aRibeiro, R.V.1 aEfeito da baixa temperatura noturna e do porta-enxerto na variação diurna das trocas gasosas e na atividade fotoquímica de laranjeiro Valência aLARANJA aPORTA ENXERTO aFOTOSSÍNTESE aCONDIÇÃO AMBIENTAL0 tRevista Brasileira de Fruticultura (Brazil)xISSN 0100 2945 g(Jun 2010), v. 32(2) p. 350-359wBR2010004093